[Event "Madrid ch Veteranos 2223"]
[Site "Madrid ESP"]
[Date "2023.04.20"]
[Round "4.34"]
[White "De Dompablo Fantova, Juan"]
[Black "Carbo de Haya, Jaime"]
[Result "1-0"]
[WhiteElo "1665"]
[BlackElo "1238"]
[PlyCount "105"]
[EventDate "2023.04.17"]
[EventType "swiss"]
[EventRounds "9"]
[EventCountry "ESP"]
[SourceTitle "Ajedrez en Madrid"]
[Source "lmi"]
[SourceDate "2023.04.17"]
[SourceVersion "1"]
[SourceVersionDate "2023.05.22"]
[SourceQuality "1"]

1. e4 c5 2. Nc3 d6 3. f4 Nc6 4. Nf3 a6 5. Be2 g6 6. d3 Bg7 7. O-O e6 8. Qe1
Nge7 9. Qh4 d5 10. Kh1 d4 11. Nb1 b5 12. Nbd2 Bb7 13. a4 Nb4 14. Bd1 Rc8 15. e5
Qd7 16. Ne4 Bxe4 17. dxe4 c4 18. axb5 axb5 19. c3 dxc3 20. bxc3 Nd3 21. Bc2 Qb7
22. Ba3 Rc7 23. Bd6 Rd7 24. Bxd3 cxd3 25. Rfd1 Qxe4 26. Rxd3 Nf5 27. Qf2 Qb7
28. Qc5 Bf8 29. Ra5 Nxd6 30. exd6 Bg7 31. Rxb5 Qa8 32. Ra5 Qd8 33. c4 O-O 34.
Ne5 Bxe5 35. fxe5 f6 36. h3 fxe5 37. Qxe5 Re8 38. Rb5 Qc8 39. Rc5 Qb7 40. Rb5
Qc8 41. c5 Qa6 42. Rdb3 Rf7 43. Rb8 Qf1+ 44. Kh2 Ref8 45. Rxf8+ Rxf8 46. Qxe6+
Kg7 47. Qe5+ Kh6 48. c6 Rf5 49. Qe3+ g5 50. d7 Rf8 51. c7 Qf7 52. d8=Q Rxd8 53.
cxd8=Q 1-0

[Event "Madrid ch Veteranos 2223"]
[Site "Madrid ESP"]
[Date "2023.04.20"]
[Round "4.35"]
[White "De Juan Rivas, Antonio"]
[Black "Lopez Heras, Arturo"]
[Result "0-1"]
[WhiteElo "1408"]
[BlackElo "1708"]
[PlyCount "50"]
[EventDate "2023.04.17"]
[EventType "swiss"]
[EventRounds "9"]
[EventCountry "ESP"]
[SourceTitle "Ajedrez en Madrid"]
[Source "lmi"]
[SourceDate "2023.04.17"]
[SourceVersion "1"]
[SourceVersionDate "2023.05.22"]
[SourceQuality "1"]

1. f4 d5 2. Nf3 Nf6 3. e3 Nc6 4. Bb5 Bd7 5. O-O e6 6. b3 Bd6 7. Bb2 O-O 8. d3
a6 9. Bxc6 Bxc6 10. Ne5 Be8 11. Rf3 Nd7 12. Rh3 f5 13. Rg3 Nxe5 14. fxe5 Be7
15. Nd2 c5 16. Qe2 b5 17. e4 f4 18. Rh3 d4 19. Nf3 g5 20. g4 fxg3 21. Rxg3 Bh5
22. Rf1 Kh8 23. Qg2 g4 24. Rxg4 Bxg4 25. Qxg4 Rg8 0-1

[Event "Madrid ch Veteranos 2223"]
[Site "Madrid ESP"]
[Date "2023.04.20"]
[Round "4.36"]
[White "Pashov, Spas Nikolov"]
[Black "Abad Martin-Camuñas, Luis"]
[Result "1-0"]
[WhiteElo "1794"]
[BlackElo "1366"]
[PlyCount "85"]
[EventDate "2023.04.17"]
[EventType "swiss"]
[EventRounds "9"]
[EventCountry "ESP"]
[SourceTitle "Ajedrez en Madrid"]
[Source "lmi"]
[SourceDate "2023.04.17"]
[SourceVersion "1"]
[SourceVersionDate "2023.05.22"]
[SourceQuality "1"]

1. e4 c5 2. Nf3 d6 3. d4 cxd4 4. Nxd4 Nf6 5. Nc3 a6 6. Be2 g6 7. Be3 Bg7 8. Qd2
O-O 9. f3 Bd7 10. a4 Nc6 11. O-O Nxd4 12. Bxd4 Qc7 13. Nd5 Nxd5 14. Bxg7 Kxg7
15. exd5 Rac8 16. Qd4+ Kg8 17. c4 e5 18. dxe6 Bxe6 19. Rfc1 Qc5 20. Qxc5 dxc5
21. Rd1 Rfd8 22. Kf2 Kf8 23. a5 Ke7 24. b3 Rc6 25. Rxd8 Kxd8 26. Rd1+ Kc7 27.
f4 Rd6 28. Rxd6 Kxd6 29. Bf3 Kc7 30. Ke3 b5 31. axb6+ Kxb6 32. Bd5 Kc7 33. Bxe6
fxe6 34. Ke4 Kd6 35. g4 h6 36. h4 a5 37. h5 gxh5 38. gxh5 Kd7 39. Ke5 Ke7 40.
f5 exf5 41. Kxf5 Kf7 42. Ke5 Ke7 43. Kd5 1-0

[Event "Madrid ch Veteranos 2223"]
[Site "Madrid ESP"]
[Date "2023.04.20"]
[Round "4.37"]
[White "Prieto Gonzalez, Cesar"]
[Black "Tudela Garcia, Antonio"]
[Result "1/2-1/2"]
[WhiteElo "1608"]
[BlackElo "1572"]
[PlyCount "123"]
[EventDate "2023.04.17"]
[EventType "swiss"]
[EventRounds "9"]
[EventCountry "ESP"]
[SourceTitle "Ajedrez en Madrid"]
[Source "lmi"]
[SourceDate "2023.04.17"]
[SourceVersion "1"]
[SourceVersionDate "2023.05.22"]
[SourceQuality "1"]

1. e4 e5 2. Nf3 Nc6 3. Bb5 a6 4. Ba4 b5 5. Bb3 Be7 6. d3 Nf6 7. Nbd2 d6 8. c3
O-O 9. Nf1 Na5 10. Bc2 c5 11. Ng3 Re8 12. O-O Bf8 13. h3 g6 14. Bg5 Bg7 15. Qd2
Qc7 16. Bh6 Kh8 17. b4 cxb4 18. cxb4 Nc6 19. Bb3 Be6 20. Bxg7+ Kxg7 21. Bxe6
fxe6 22. Rac1 Qb6 23. Ne2 Re7 24. Qb2 Rc7 25. Rc3 Rac8 26. Rfc1 h6 27. R1c2 Nd8
28. Qc1 Rxc3 29. Rxc3 Rxc3 30. Qxc3 Qc6 31. Nd2 Qxc3 32. Nxc3 Nc6 33. a3 Nd4
34. f3 Nc2 35. Ncb1 Ne1 36. Nb3 Nxd3 37. Na5 Nd7 38. Kf1 d5 39. Ke2 Nf4+ 40.
Kf2 dxe4 41. fxe4 Kf6 42. Nd2 Ke7 43. Ndb3 Kd6 44. h4 Nh5 45. Nb7+ Ke7 46. N3c5
Nb8 47. Nd3 Kf6 48. Kf3 Ng7 49. Ndc5 Ne8 50. g4 Nc7 51. Na5 g5 52. h5 Ke7 53.
Ke3 Kd8 54. Ncb7+ Ke7 55. Kd3 Kd7 56. Kc3 Ne8 57. Nc5+ Ke7 58. Nd3 Nd7 59. Nb3
Nef6 60. Nf2 Kd6 61. Kd3 Kc6 62. Na5+ 1/2-1/2

[Event "Madrid ch Veteranos 2223"]
[Site "Madrid ESP"]
[Date "2023.04.20"]
[Round "4.38"]
[White "Infante Martin, Alonso"]
[Black "Fernandez Rios, Jose Francisco"]
[Result "0-1"]
[WhiteElo "1457"]
[BlackElo "1657"]
[PlyCount "84"]
[EventDate "2023.04.17"]
[EventType "swiss"]
[EventRounds "9"]
[EventCountry "ESP"]
[SourceTitle "Ajedrez en Madrid"]
[Source "lmi"]
[SourceDate "2023.04.17"]
[SourceVersion "1"]
[SourceVersionDate "2023.05.22"]
[SourceQuality "1"]

1. d4 Nf6 2. Nf3 e6 3. c4 Bb4+ 4. Nc3 O-O 5. Qc2 Nc6 6. e3 Qe7 7. Bd3 d6 8. O-O
Bxc3 9. Qxc3 e5 10. Nd2 Nh5 11. d5 Nb8 12. Be2 Nf6 13. f3 Nbd7 14. e4 a5 15. b3
Nc5 16. Ba3 b6 17. Qc2 Nh5 18. g3 Qg5 19. Kf2 f5 20. Rg1 fxe4 21. Nxe4 Qg6 22.
Bxc5 bxc5 23. Qd3 Bf5 24. Ke1 Bxe4 25. fxe4 Nf6 26. Bf3 a4 27. Kd2 Qh6+ 28. Qe3
Qxh2+ 29. Rg2 Qh3 30. Kd3 axb3 31. a3 Rfb8 32. Rb2 Qxg3 33. Rg1 Qf4 34. Qxf4
exf4 35. Rgb1 Rxa3 36. Bd1 Nd7 37. Kc3 Ne5 38. Be2 f3 39. Bf1 g5 40. Kd2 Kg7
41. Ke3 Kg6 42. Bh3 Nxc4+ 0-1

[Event "Madrid ch Veteranos 2223"]
[Site "Madrid ESP"]
[Date "2023.04.20"]
[Round "4.40"]
[White "Perez Fajardo, Daniel"]
[Black "Benito Mellado, Humberto"]
[Result "1-0"]
[WhiteElo "1495"]
[BlackElo "1449"]
[PlyCount "53"]
[EventDate "2023.04.17"]
[EventType "swiss"]
[EventRounds "9"]
[EventCountry "ESP"]
[SourceTitle "Ajedrez en Madrid"]
[Source "lmi"]
[SourceDate "2023.04.17"]
[SourceVersion "1"]
[SourceVersionDate "2023.05.22"]
[SourceQuality "1"]

1. e4 c5 2. Nf3 d6 3. d4 cxd4 4. Nxd4 Nf6 5. Nc3 a6 6. a4 Nbd7 7. Be2 e6 8. O-O
Be7 9. Re1 O-O 10. Be3 Re8 11. Bd3 Nf8 12. f4 Qc7 13. a5 Ng6 14. Nf3 Bd8 15. f5
Ne7 16. Bb6 Qb8 17. Be3 exf5 18. Bg5 fxe4 19. Nxe4 Nxe4 20. Bxe4 Be6 21. Nd4 d5
22. Nxe6 fxe6 23. Bxh7+ Kf8 24. Rxe6 Qc7 25. Qf3+ Nf5 26. Qxf5+ Qf7 27. Rxe8+
1-0

[Event "Madrid ch Veteranos 2223"]
[Site "Madrid ESP"]
[Date "2023.04.20"]
[Round "4.41"]
[White "Yela Garcia, Carlos"]
[Black "Lopez Manso, Jeronimo"]
[Result "1-0"]
[WhiteElo "1489"]
[BlackElo "1358"]
[PlyCount "80"]
[EventDate "2023.04.17"]
[EventType "swiss"]
[EventRounds "9"]
[EventCountry "ESP"]
[SourceTitle "Ajedrez en Madrid"]
[Source "lmi"]
[SourceDate "2023.04.17"]
[SourceVersion "1"]
[SourceVersionDate "2023.05.22"]
[SourceQuality "1"]

1. e4 Nf6 2. e5 Nd5 3. d4 d6 4. Nf3 Bg4 5. Be2 e6 6. h3 Bh5 7. O-O a6 8. c4 Nb6
9. Nc3 N8d7 10. exd6 cxd6 11. Nh2 Bxe2 12. Qxe2 Rc8 13. d5 e5 14. b3 Be7 15.
Bb2 O-O 16. f4 exf4 17. Rxf4 Bg5 18. Rff1 Re8 19. Qg4 Ne5 20. Qd1 Be3+ 21. Kh1
Qh4 22. Nf3 Qg3 23. Ne4 Qf4 24. Nxd6 Nxf3 25. Qxf3 Qxf3 26. Rxf3 Bc5 27. Nxc8
Nxc8 28. Bc3 f6 29. Re1 Rxe1+ 30. Bxe1 Nd6 31. Bf2 b6 32. Bxc5 bxc5 33. Re3 Kf7
34. Re6 Nf5 35. Rxa6 h5 36. a4 g5 37. a5 Ng3+ 38. Kh2 Nf1+ 39. Kg1 Ne3 40. Re6
Nf5 1-0

[Event "Madrid ch Veteranos 2223"]
[Site "Madrid ESP"]
[Date "2023.04.21"]
[Round "5.1"]
[White "Candela Perez, Jose"]
[Black "Moreno Ruiz, Javier"]
[Result "1/2-1/2"]
[WhiteElo "2299"]
[BlackElo "2427"]
[PlyCount "132"]
[EventDate "2023.04.17"]
[EventType "swiss"]
[EventRounds "9"]
[EventCountry "ESP"]
[SourceTitle "Ajedrez en Madrid"]
[Source "lmi"]
[SourceDate "2023.04.17"]
[SourceVersion "1"]
[SourceVersionDate "2023.05.22"]
[SourceQuality "1"]

1. d4 e6 2. c4 Bb4+ 3. Nd2 c5 4. dxc5 Nf6 5. Ngf3 O-O 6. e3 Bxc5 7. a3 b6 8.
Bd3 Bb7 9. O-O Be7 10. b3 d5 11. Bb2 Nbd7 12. Qe2 Nc5 13. Bc2 Rc8 14. Rfd1 Qc7
15. Be5 Bd6 16. Bxf6 gxf6 17. cxd5 Bxd5 18. b4 Nd7 19. Rac1 Kh8 20. Qf1 Ne5 21.
Be4 Qb7 22. Bxd5 Qxd5 23. Rxc8 Rxc8 24. Nxe5 Bxe5 25. Nf3 Qb3 26. Nxe5 fxe5 27.
Ra1 Qb2 28. Qb1 Rc2 29. Qxb2 Rxb2 30. g4 Kg7 31. Kg2 Kf6 32. Kg3 h6 33. h3 e4
34. Rc1 Rb3 35. Rc7 Rxa3 36. Kf4 Ra2 37. Kg3 a6 38. h4 b5 39. Ra7 Ra1 40. Kf4
Rf1 41. Kg3 Rg1+ 42. Kh3 Rb1 43. Rxa6 Rxb4 44. Ra7 Rb1 45. Rb7 b4 46. Kg3 e5
47. Rb6+ Kg7 48. h5 b3 49. Kg2 b2 50. Kh2 f6 51. Kg2 Kf7 52. Kh2 Ke7 53. Kg2
Kd7 54. Kh2 Kc7 55. Rb4 Kd6 56. Rb6+ Kc5 57. Rb8 Kc4 58. Kg2 Kc3 59. Rc8+ Kd2
60. Rb8 Ke1 61. Rb6 Ke2 62. Rb8 Kd3 63. Rd8+ Kc4 64. Rc8+ Kd5 65. Rb8 Kd6 66.
Rb6+ Kc5 1/2-1/2

[Event "Madrid ch Veteranos 2223"]
[Site "Madrid ESP"]
[Date "2023.04.21"]
[Round "5.2"]
[White "Longa Yauca, Javier"]
[Black "Suarez-Llanos Florez, Gonzalo"]
[Result "1-0"]
[WhiteElo "2219"]
[BlackElo "2052"]
[PlyCount "71"]
[EventDate "2023.04.17"]
[EventType "swiss"]
[EventRounds "9"]
[EventCountry "ESP"]
[SourceTitle "Ajedrez en Madrid"]
[Source "lmi"]
[SourceDate "2023.04.17"]
[SourceVersion "1"]
[SourceVersionDate "2023.05.22"]
[SourceQuality "1"]

1. c4 e5 2. Nc3 Nf6 3. Qb3 c6 4. d3 Be7 5. g3 d6 6. Bg2 O-O 7. e4 Na6 8. Nge2
Nd7 9. a3 Kh8 10. O-O f5 11. Qc2 fxe4 12. dxe4 Nf6 13. h3 Be6 14. b3 Qd7 15.
Kh2 Rae8 16. Be3 Qc7 17. Rfd1 Nc5 18. Rac1 a5 19. Qb1 Nh5 20. b4 axb4 21. axb4
Na6 22. Nd5 cxd5 23. cxd5 Qd7 24. dxe6 Qxe6 25. Nc3 Qg6 26. Nd5 Bg5 27. Qb3 Rf7
28. Rc2 Ref8 29. Bxg5 Qxg5 30. Kg1 h6 31. Rb1 Qd8 32. Rd1 Nb8 33. b5 Nd7 34.
Ne3 Qb6 35. Nc4 Nc5 36. Qe3 1-0

[Event "Madrid ch Veteranos 2223"]
[Site "Madrid ESP"]
[Date "2023.04.21"]
[Round "5.3"]
[White "De Paz Nistal, Santiago"]
[Black "Pastor Alonso De Prado, Alberto"]
[Result "1-0"]
[WhiteElo "1866"]
[BlackElo "2071"]
[PlyCount "87"]
[EventDate "2023.04.17"]
[EventType "swiss"]
[EventRounds "9"]
[EventCountry "ESP"]
[SourceTitle "Ajedrez en Madrid"]
[Source "lmi"]
[SourceDate "2023.04.17"]
[SourceVersion "1"]
[SourceVersionDate "2023.05.22"]
[SourceQuality "1"]

1. e4 c5 2. Nf3 e6 3. d4 cxd4 4. Nxd4 a6 5. c4 b6 6. a3 Bb7 7. Nc3 d6 8. Be3
Nf6 9. f3 Be7 10. Be2 Nbd7 11. O-O O-O 12. Nb3 Qc7 13. Rc1 Rac8 14. Nd2 Qb8 15.
Qb3 Bd8 16. Kh1 Re8 17. Bf2 Bc7 18. Bg1 d5 19. cxd5 exd5 20. exd5 Nxd5 21. Bc4
N7f6 22. Nde4 Re5 23. Bd4 Nxe4 24. fxe4 Rh5 25. h3 Be5 26. Bxe5 Rxe5 27. Bxd5
Bxd5 28. exd5 Qd6 29. Qd1 Rce8 30. Qd2 f5 31. Rce1 b5 32. Rxe5 Qxe5 33. Qf4 g6
34. Qxe5 Rxe5 35. Rd1 Kf7 36. d6 Ke8 37. Nd5 Kd8 38. Rd3 a5 39. Kg1 Re2 40. b4
axb4 41. axb4 Re6 42. Nc3 Kd7 43. Nxb5 Re4 44. Rd4 1-0

[Event "Madrid ch Veteranos 2223"]
[Site "Madrid ESP"]
[Date "2023.04.21"]
[Round "5.4"]
[White "Ruiz Bellon, Manuel"]
[Black "Rojas Pozo, Jose Luis"]
[Result "0-1"]
[WhiteElo "1968"]
[BlackElo "1865"]
[PlyCount "90"]
[EventDate "2023.04.17"]
[EventType "swiss"]
[EventRounds "9"]
[EventCountry "ESP"]
[SourceTitle "Ajedrez en Madrid"]
[Source "lmi"]
[SourceDate "2023.04.17"]
[SourceVersion "1"]
[SourceVersionDate "2023.05.22"]
[SourceQuality "1"]

1. Nf3 Nf6 2. g3 b6 3. Bg2 Bb7 4. d3 d6 5. c4 Nbd7 6. Nc3 g6 7. O-O Bg7 8. Rb1
c5 9. a3 O-O 10. b4 Qc8 11. Qb3 Qc6 12. Bf4 Rfe8 13. Rfc1 Ng4 14. h3 Nge5 15.
Ne4 Nxf3+ 16. Bxf3 Qc8 17. Bg2 f5 18. Nc3 Bxg2 19. Kxg2 Qc6+ 20. Kg1 e5 21. Be3
h6 22. bxc5 dxc5 23. Qa4 Qe6 24. Nd5 Rec8 25. f4 Nf6 26. fxe5 Nxd5 27. cxd5
Qxe5 28. Bf4 Qxd5 29. Qb3 Qxb3 30. Rxb3 Re8 31. Kf1 Re6 32. Rc2 g5 33. Bc1 Bd4
34. a4 Rf8 35. Bb2 Be3 36. Bc1 f4 37. g4 Bxc1 38. Rxc1 Re3 39. a5 Rxh3 40. Rc4
Rf6 41. axb6 axb6 42. Ra3 f3 43. Ra8+ Kf7 44. exf3 Rhxf3+ 45. Ke2 R3f4 0-1

[Event "Madrid ch Veteranos 2223"]
[Site "Madrid ESP"]
[Date "2023.04.21"]
[Round "5.5"]
[White "Viñas Lopez, Carlos"]
[Black "Martin Rodriguez, Emilio"]
[Result "1/2-1/2"]
[WhiteElo "1853"]
[BlackElo "1965"]
[PlyCount "108"]
[EventDate "2023.04.17"]
[EventType "swiss"]
[EventRounds "9"]
[EventCountry "ESP"]
[SourceTitle "Ajedrez en Madrid"]
[Source "lmi"]
[SourceDate "2023.04.17"]
[SourceVersion "1"]
[SourceVersionDate "2023.05.22"]
[SourceQuality "1"]

1. d4 d5 2. Bf4 c5 3. e3 Nc6 4. c3 Nf6 5. Nd2 cxd4 6. exd4 g6 7. Be2 Bg7 8. h3
O-O 9. Ngf3 Nd7 10. O-O Qb6 11. Qb3 e6 12. Rfe1 Qxb3 13. axb3 f6 14. Bd6 Re8
15. b4 e5 16. b5 Nd8 17. Bd1 Nf7 18. Bb4 Bf8 19. Bxf8 Kxf8 20. Nf1 Nb6 21. Ne3
Nd6 22. dxe5 fxe5 23. Bb3 Ndc4 24. Nxd5 Nxd5 25. Bxc4 Nb6 26. Bd3 Nd7 27. Re2
Nc5 28. Bc2 Bd7 29. c4 e4 30. Nd2 Bf5 31. g4 Be6 32. Bxe4 Bxc4 33. Nxc4 Rxe4
34. Rxe4 Nxe4 35. Nb6 Re8 36. Rxa7 Nd6 37. Kf1 Re7 38. Nd5 Re5 39. Nc3 h5 40.
b6 hxg4 41. hxg4 Kf7 42. f3 Ke6 43. Kf2 Rc5 44. Ke3 Rc4 45. Ne4 Nxe4 46. fxe4
Ke5 47. Rxb7 Rxe4+ 48. Kf3 Rf4+ 49. Kg3 Rb4 50. Kh4 Kf6 51. b3 g5+ 52. Kg3
Rxb3+ 53. Kf2 Rb4 54. Kg3 Rb3+ 1/2-1/2

[Event "Madrid ch Veteranos 2223"]
[Site "Madrid ESP"]
[Date "2023.04.21"]
[Round "5.6"]
[White "Garcia Martin, Esteban"]
[Black "Vazquez Gonzalez, Jesus"]
[Result "0-1"]
[WhiteElo "1809"]
[BlackElo "1908"]
[PlyCount "82"]
[EventDate "2023.04.17"]
[EventType "swiss"]
[EventRounds "9"]
[EventCountry "ESP"]
[SourceTitle "Ajedrez en Madrid"]
[Source "lmi"]
[SourceDate "2023.04.17"]
[SourceVersion "1"]
[SourceVersionDate "2023.05.22"]
[SourceQuality "1"]

1. c4 c6 2. Nf3 d5 3. Qc2 Nf6 4. e3 Bg4 5. Ne5 Bh5 6. cxd5 Qxd5 7. d4 Nbd7 8.
Nc3 Qa5 9. Nxd7 Nxd7 10. Bd2 e6 11. e4 Be7 12. Nd5 Qd8 13. Nxe7 Qxe7 14. Bd3
O-O 15. O-O e5 16. d5 Rfc8 17. Bc3 Bg6 18. dxc6 Rxc6 19. Qe2 Nc5 20. Bc2 Rac8
21. Rfd1 Ne6 22. Ba4 Rc4 23. Rd7 Qg5 24. Bd2 Qh4 25. g3 Qh3 26. Qd1 Bxe4 27. f3
Rxa4 28. fxe4 Rxe4 29. Qf3 f5 30. Be3 Rc2 31. Bf2 Rec4 32. Rad1 e4 33. Qa3 Rxf2
34. Rxg7+ Nxg7 35. Rd8+ Kf7 36. Qf8+ Kg6 37. Rd6+ Kh5 38. Qf7+ Kg4 39. Qxg7+
Kf3 40. Rd3+ exd3 41. Qxb7+ Re4 0-1

[Event "Madrid ch Veteranos 2223"]
[Site "Madrid ESP"]
[Date "2023.04.21"]
[Round "5.7"]
[White "Fiz Criado, Fidel"]
[Black "Moreno Torrero, Javier"]
[Result "1/2-1/2"]
[WhiteElo "1807"]
[BlackElo "1891"]
[PlyCount "52"]
[EventDate "2023.04.17"]
[EventType "swiss"]
[EventRounds "9"]
[EventCountry "ESP"]
[SourceTitle "Ajedrez en Madrid"]
[Source "lmi"]
[SourceDate "2023.04.17"]
[SourceVersion "1"]
[SourceVersionDate "2023.05.22"]
[SourceQuality "1"]

1. d4 Nf6 2. Nc3 d5 3. e4 dxe4 4. f3 exf3 5. Nxf3 Bg4 6. h3 Bh5 7. g4 Bg6 8.
Ne5 Nbd7 9. Nxg6 hxg6 10. Bg2 c6 11. O-O e6 12. Qf3 g5 13. Bxg5 Be7 14. Be3 O-O
15. g5 Nd5 16. Nxd5 exd5 17. Qg4 Qc7 18. h4 Rad8 19. h5 Nb6 20. g6 Qd7 21.
gxf7+ Rxf7 22. Qg6 Rf6 23. Rxf6 Bxf6 24. c3 Qe8 25. Re1 Qxg6 26. hxg6 Re8
1/2-1/2

[Event "Madrid ch Veteranos 2223"]
[Site "Madrid ESP"]
[Date "2023.04.21"]
[Round "5.8"]
[White "Gonzalez Rivera, Eduardo"]
[Black "Fernandez Aransay, Fernando"]
[Result "0-1"]
[WhiteElo "2026"]
[BlackElo "1808"]
[PlyCount "76"]
[EventDate "2023.04.17"]
[EventType "swiss"]
[EventRounds "9"]
[EventCountry "ESP"]
[SourceTitle "Ajedrez en Madrid"]
[Source "lmi"]
[SourceDate "2023.04.17"]
[SourceVersion "1"]
[SourceVersionDate "2023.05.22"]
[SourceQuality "1"]

1. e4 c5 2. Nf3 d6 3. d4 cxd4 4. Nxd4 Nf6 5. Nc3 g6 6. Be3 Bg7 7. Be2 O-O 8. f4
Nc6 9. Nb3 Bd7 10. g4 a5 11. a4 Rc8 12. f5 Nb4 13. Bf3 Bc6 14. Nd4 Nd7 15. Nxc6
bxc6 16. Qd2 Ne5 17. Be2 d5 18. Bc5 Rb8 19. exd5 cxd5 20. O-O Qc7 21. Bd4 Nbc6
22. f6 Nxd4 23. fxg7 Nxe2+ 24. Qxe2 Kxg7 25. Rae1 f6 26. Nxd5 Qc5+ 27. Ne3 Rxb2
28. Rf2 Rb4 29. g5 Re4 30. gxf6+ exf6 31. Qd2 Rf7 32. Kh1 Qc6 33. Kg1 Rd7 34.
Qxa5 Ng4 35. Rfe2 Rde7 36. h3 Ne5 37. Kf1 Qe6 38. Kg2 Nc4 0-1

[Event "Madrid ch Veteranos 2223"]
[Site "Madrid ESP"]
[Date "2023.04.21"]
[Round "5.9"]
[White "Lopez-Andujar Ocaña, Antonio"]
[Black "Toledo Aguirre, Gonzalo"]
[Result "1-0"]
[WhiteElo "1961"]
[BlackElo "1749"]
[PlyCount "65"]
[EventDate "2023.04.17"]
[EventType "swiss"]
[EventRounds "9"]
[EventCountry "ESP"]
[SourceTitle "Ajedrez en Madrid"]
[Source "lmi"]
[SourceDate "2023.04.17"]
[SourceVersion "1"]
[SourceVersionDate "2023.05.22"]
[SourceQuality "1"]

1. d4 f5 2. c4 Nf6 3. Nf3 g6 4. g3 Bg7 5. Bg2 O-O 6. Nc3 d6 7. O-O c6 8. Qc2
Na6 9. a3 Qe8 10. Bg5 e5 11. dxe5 dxe5 12. Rad1 h6 13. Bxf6 Bxf6 14. e4 Be6 15.
Rfe1 f4 16. Nd2 fxg3 17. hxg3 Qf7 18. Ne2 Rad8 19. b4 Bg5 20. Nf3 Bxc4 21. Nxe5
Qxf2+ 22. Kh2 Bxe2 23. Rxd8 Bxd8 24. Rxe2 Qd4 25. Nxg6 Re8 26. Qa2+ Kg7 27. Rf2
Qd7 28. Bh3 Qc7 29. Nf4 Rxe4 30. Nh5+ Kg6 31. Bf5+ Kxh5 32. Bxe4 Bh4 33. Qe2+
1-0

[Event "Madrid ch Veteranos 2223"]
[Site "Madrid ESP"]
[Date "2023.04.21"]
[Round "5.10"]
[White "Sanchez Peral, Pedro"]
[Black "Lopez Molina, Francisco"]
[Result "1/2-1/2"]
[WhiteElo "1761"]
[BlackElo "1905"]
[PlyCount "55"]
[EventDate "2023.04.17"]
[EventType "swiss"]
[EventRounds "9"]
[EventCountry "ESP"]
[SourceTitle "Ajedrez en Madrid"]
[Source "lmi"]
[SourceDate "2023.04.17"]
[SourceVersion "1"]
[SourceVersionDate "2023.05.22"]
[SourceQuality "1"]

1. e4 g6 2. d4 Bg7 3. Nf3 d6 4. Nc3 Nd7 5. Bc4 c5 6. Be3 Nb6 7. Bb5+ Bd7 8.
Bxd7+ Nxd7 9. O-O Ngf6 10. dxc5 Nxc5 11. e5 Ng4 12. Qe2 Nxe3 13. Qxe3 O-O 14.
Rad1 Qa5 15. a3 Ne6 16. Nd5 Rfe8 17. Rfe1 Rac8 18. exd6 exd6 19. c3 Qa4 20. Qd2
h5 21. h3 Rc5 22. Ne3 Qb3 23. Qc2 Rb5 24. Re2 Nf4 25. Red2 d5 26. Qxb3 Rxb3 27.
g3 Ne6 28. Nxd5 1/2-1/2

[Event "Madrid ch Veteranos 2223"]
[Site "Madrid ESP"]
[Date "2023.04.21"]
[Round "5.11"]
[White "Lopez de Turiso Sanchez, Jose Antonio"]
[Black "Cano Mercado, Francisco Manuel"]
[Result "1-0"]
[WhiteElo "1904"]
[BlackElo "1728"]
[PlyCount "75"]
[EventDate "2023.04.17"]
[EventType "swiss"]
[EventRounds "9"]
[EventCountry "ESP"]
[SourceTitle "Ajedrez en Madrid"]
[Source "lmi"]
[SourceDate "2023.04.17"]
[SourceVersion "1"]
[SourceVersionDate "2023.05.22"]
[SourceQuality "1"]

1. e4 e6 2. d4 d5 3. Nc3 dxe4 4. Nxe4 Nd7 5. Bd3 Ngf6 6. Qe2 Nxe4 7. Bxe4 Nf6
8. Bxb7 Bxb7 9. Qb5+ Qd7 10. Qxb7 Rd8 11. Be3 Be7 12. Nf3 O-O 13. Ne5 Qa4 14.
b3 Qb4+ 15. Qxb4 Bxb4+ 16. Ke2 Bc3 17. Rad1 c5 18. Nc6 Rd7 19. dxc5 Nd5 20. Kf3
Rc7 21. Nd4 Rxc5 22. Ne2 Rc7 23. Rd3 Rfc8 24. Rhd1 h6 25. Nxc3 Rxc3 26. Rxc3
Rxc3 27. Rc1 a6 28. Ke2 e5 29. Bd2 Rc6 30. c4 Nf6 31. Bc3 Ne4 32. Bxe5 Re6 33.
Bd4 Nc3+ 34. Kd3 Nxa2 35. Ra1 Nb4+ 36. Kc3 Nc6 37. Rxa6 Kh7 38. Be3 1-0

[Event "Madrid ch Veteranos 2223"]
[Site "Madrid ESP"]
[Date "2023.04.21"]
[Round "5.12"]
[White "Fernandez Garcia, Ignacio"]
[Black "Estrada Martinez, Cesar"]
[Result "1/2-1/2"]
[WhiteElo "1851"]
[BlackElo "1903"]
[PlyCount "37"]
[EventDate "2023.04.17"]
[EventType "swiss"]
[EventRounds "9"]
[EventCountry "ESP"]
[SourceTitle "Ajedrez en Madrid"]
[Source "lmi"]
[SourceDate "2023.04.17"]
[SourceVersion "1"]
[SourceVersionDate "2023.05.22"]
[SourceQuality "1"]

1. e4 c5 2. Nf3 Nc6 3. Nc3 d6 4. d4 cxd4 5. Nxd4 Nf6 6. Be2 g6 7. O-O Bg7 8.
Be3 O-O 9. h3 Bd7 10. Qd2 Nxd4 11. Bxd4 Bc6 12. Bf3 Qc7 13. Nd5 Bxd5 14. exd5
Rfe8 15. c3 Rac8 16. Rfe1 b6 17. Re2 Nd7 18. Rae1 Ne5 19. Bxe5 1/2-1/2

[Event "Madrid ch Veteranos 2223"]
[Site "Madrid ESP"]
[Date "2023.04.21"]
[Round "5.13"]
[White "Villares Galiano, Luis"]
[Black "Hetz, Robert"]
[Result "0-1"]
[WhiteElo "1887"]
[BlackElo "1627"]
[PlyCount "62"]
[EventDate "2023.04.17"]
[EventType "swiss"]
[EventRounds "9"]
[EventCountry "ESP"]
[SourceTitle "Ajedrez en Madrid"]
[Source "lmi"]
[SourceDate "2023.04.17"]
[SourceVersion "1"]
[SourceVersionDate "2023.05.22"]
[SourceQuality "1"]

1. e4 c5 2. Nf3 Nc6 3. d4 cxd4 4. Nxd4 Nf6 5. Nc3 e5 6. Ndb5 d6 7. Bg5 a6 8.
Na3 b5 9. Nd5 Be7 10. Bxf6 Bxf6 11. c3 O-O 12. Nc2 Bg5 13. a4 bxa4 14. Rxa4 a5
15. Bc4 Ne7 16. Nxe7+ Qxe7 17. Nb4 Bb7 18. Nd5 Qd8 19. O-O Kh8 20. Qe2 Bc6 21.
Ra2 g6 22. Rfa1 f5 23. exf5 Rxf5 24. b4 axb4 25. cxb4 Rxa2 26. Rxa2 Bxd5 27.
Bxd5 Qb6 28. g3 Rxf2 29. Qxf2 Be3 30. Kg2 Bxf2 31. Rxf2 Qxb4 0-1